| 000 | 00960nam a2200301 a 4500 | ||
|---|---|---|---|
| 001 | vtls001419593 | ||
| 003 | NLI | ||
| 005 | 20210627115621.0 | ||
| 008 | 121128s1988 ii 000 0 urd | ||
| 020 | _cRs. 120.00 | ||
| 039 | 9 |
_y201211281548 _zVLOAD |
|
| 040 |
_aNLI _burdeng _cDatasoft_Urdu _eAACR2 |
||
| 041 | 0 | _aurd | |
| 044 | _a ii | ||
| 082 | 0 | 4 | _a 801.93 |
| 245 | 0 | 0 |
_6880-02 _a مضامین جمالیات _c مرتبہ و مترجمہ فاخر حسین |
| 260 |
_aلاہور _bنگارشات _c 1988 |
||
| 300 |
_a247 p. _c21 cm. |
||
| 500 | _aGlossary : p. 243-247 | ||
| 650 | 0 |
_aLiterature _xAesthetics _9690165 |
|
| 700 | 0 |
_6880-03 _a فاخر حسین، _e مرتب و مترجم |
|
| 880 | 0 | 0 |
_6245-02 (B _aMaz̤amīn jamaliyāt _cedited and translated by Faḵhir Ḥussain |
| 880 |
_6700-03 (B _aFaḵhir Ḥussain _4edt. and trl |
||
| 887 | _a | ||
| 901 |
_a15647 _b02.02.1990 |
||
| 902 | _a U 801.93 M 998 b | ||
| 942 |
_2ddc _cBKS |
||
| 999 |
_c875623 _d875623 |
||